000 01635nam2a2200313 4500
001 RU\NLR\BIBL_A\010833278
005 20250614103640.0
010 _a978-5-85879-976-4
_91000
021 _aRU
_b2015-50020
_92965
035 _a(NLR Aleph) 010833278
090 _a10298394
_c10298394
100 _a20150914d2015 |||y0rusy50 ca
101 0 _arus
102 _aRU
105 _aac||g|||000yd
200 0 _aВып. 3
210 _d2015
_aБ. м.
215 _a396, [1] с., [12] л. цв. ил., портр.
_cил., портр.
333 _a16+
461 0 _1001RU\NLR\bibl\1743412
_12001#$aЗаполярье - судьба моя$eсборник [биографий и автобиографий членов землячества Ненецкого автономного округа в Архангельске "Тосавэй"$fотв. ред., сост. - Н.Н. Матафанов]$vВып. 3
_91419357
_cАрхангельск
_d2010
_fотв. ред., сост. - Н.Н. Матафанов]
_nПравда Севера
_oсборник [биографий и автобиографий членов землячества Ненецкого автономного округа в Архангельске "Тосавэй"
_tЗаполярье - судьба моя
_vВып. 3
607 _aНенецкий автономный округ
_xИстория
_92238989
_3RU\NLR\AUTH\661343586
675 _a94(470.111)(092)
_v3
_zrus
686 _a03.19
_2rugasnti
686 _a63.3(2Рос)
_2rubbk
686 _aТ3(2Р-4Арх-6Н)
942 _cBOOK
980 _aNB